000 00569nam a2200229Ia 4500
003 OSt
005 20220924142018.0
006 a|||||r|||| 00| 0
007 ta
008 220923b |||||||| |||| 00| 0 ben d
024 _a300102
037 _cTextual
040 _aARTS
_cARTS
_bben
041 _2ben
_aben
082 _aU8:431.N71, 157L4
100 _aMukhopadhyay
_9154775
245 0 _aVietname kichhndin
260 _c1974
650 _aGEOGRAPHY
942 _hU8:431.N71, 157L4
_cTEXL
_2CC
999 _c448997
_d448997